000 00289nam a22001337a 4500
008 210310b ||||| |||| 00| 0 eng d
041 _aeng
080 _a070
082 _a070
100 _a40
101 _aMED
245 _aTelevision is the new Television
_cWolff,M
942 _2udc
_cBK
999 _c56137
_d56137